000 00223nam a22001217a 4500
040 _cSY
082 _a631
100 _aD.B.DAVIES
245 _aSoil management
260 _aRUA
_bDAV
_c1993
300 _a280p.
942 _cEK
999 _c9517
_d9517